000 00607nam a2200193Ia 4500
003 GCL
005 20240530103852.0
008 140319s9999 xx 000 0 ara d
040 _aGCL /
_cGCL
082 0 4 _a811.009
_bع ف
100 0 _aعبدالسميع المصرى
245 1 0 _aفى موكب الخالدين /
_cعبدالسميع المصرى
300 _a196 ص
490 _aكتاب
_v0
650 0 4 _aالشعر العربى - تاريخ ونقد
650 0 4 _aالادب العربى - تاريخ ونقد
650 0 4 _aالشعراء العرب - تاريخ ونقد
942 _2ddc
_cBK
999 _c43103
_d43103